000 00797 a2200193 4500
003 NUST
005 20251121183545.0
040 _cNust
082 _a621.382,MAL
100 _aMalik , SGT Saad Saleem (TCC-17)
_9132000
245 _aAudio Testbed /
_cSGT Saad Saleem Malik, GC Mamoon-Ur-Rashid, NC Nasir Haider and Capt Asif Nawaz.
260 _c2009
_bMCS (NUST)
_aRawalpindi
300 _a89 p.;
505 _aIntroduction (Page-1), Frequency Equalizer (Page-4), Compression (Linear Predictive Coding) (Page-8), Encryption (Page-29), Reed Solomon (Page-44), Modulation (Page-81), Results (Page-83), Future Work (Page-87), References (Page-88).
650 _aUG Projects
_998716
651 _aTCC-17B
_9131348
700 _aasst Prof Syed Javaid Hussain Bangash
_9132001
942 _cPR
_2ddc
999 _c184015
_d184015